| 000 | 00992nam a22002537a 4500 | ||
|---|---|---|---|
| 005 | 20170124103008.0 | ||
| 010 | _aA-968417 | ||
| 020 | _c100.00 | ||
| 035 | _aA-968417 | ||
| 037 | _bCen Lib/Ret | ||
| 040 |
_aDPL _bHN |
||
| 082 |
_aक _bउद्भ्रां |
||
| 100 |
_aउद्भ्रांत _956870 |
||
| 245 |
_aडुगडुगी / _cउद्भ्रांत |
||
| 246 |
_aDugdugi / _bby Udbhrant |
||
| 260 |
_aनई दिल्ली _bसामयिक प्रकाशन _c1998 |
||
| 270 |
_a3543, जटवाड़ा, दरियागंज _bनई दिल्ली _e110002 |
||
| 300 |
_aviii,129पृ. _c21सेमी (सजिल्द) |
||
| 650 |
_aहिंदी साहित्य _956871 |
||
| 650 |
_aहिंदी साहित्य --कहानियां _942761 |
||
| 650 |
_aHindi literature _956872 |
||
| 650 |
_aHindi literature--Stories _956873 |
||
| 942 |
_2ddc _cHN _hक _mउद्भ्रां |
||
| 999 |
_c114448 _d114448 |
||